00354nam a2200109Ia 4500001000800000005001700008008004100025245005200066260001700118999002100135952008800156118204720250827020827.0250824s9999 xx 000 0 und d 0aIŞIK AVCISI TEKİN YILDIZIcALİ SAÇIKARA bATLI KARINCA c1182047d1182047 00104070a1098b1098d2025-08-24l0p1098331r2025-08-27 02:08:27w2025-08-27yBK